| 000 | 00726nam a2200193Ii 4500 | ||
|---|---|---|---|
| 003 | JO-AjNU | ||
| 008 | 230605s9999||||xx |||||||||||||| ||und|| | ||
| 040 |
_aJO-AjNU _bara _erda _cJO-AjNU |
||
| 041 | _aara | ||
| 050 | 1 | 4 | _aLG395.17 2016 |
| 100 | 3 |
_aجامعة فيلادلفيا, _eauthor _957451 |
|
| 245 | 0 | 0 | _aجامعة فيلادلفيا: التقرير السنوي 2016 الطالب- النوعية- الإنجاز |
| 264 | 3 | 1 | _aعمان: جامعة فيلادلفيا، 2016 |
| 300 |
_a131ص _bالملاحق ص 85-130 |
||
| 336 |
_atext _btxt _2rdacontent |
||
| 337 |
_aunmediated _bn _2rdamedia |
||
| 338 |
_avolume _bnc _2rdacarrier |
||
| 650 | 4 |
_aالتقرير السنوي- جامعة فيلادلفيا _957452 |
|
| 999 |
_aA25748 _c29316 _d29316 |
||